00530nam a2200157Ia 450000500170000000800410001708200130005810000220007124500770009326000470017030000220021765000150023994200060025495200970026099900150035720240516034841.0240331s9999 xx 000 0 und d bABEa333 aAbeysinghe, Ariya 0aAncient land tenure to modern land reform in Sri LankacAriya Abeysinghe aColombobThe Center for Society & Religion a152, p ., ( v 2 ) a Political cL 001040708LaWERCLbWERCLcSSCd2024-03-31l0o 333.31 ABEp106r2024-03-31w2024-03-31yL c2676d2676